Acords de l'Assemblea en la seva... reunió... / Mancomunitat de Catalunya
Descripción Física:
v. ; 22 cm
MARC
| LEADER | 00000nam a2200000Ia 4500 | ||
|---|---|---|---|
| 001 | 391 | ||
| 008 | 160829s1922 xx 000 0 cat d | ||
| 080 | |a M-3-120 | ||
| 110 | 2 | |a Catalunya. |b Mancomunitat |9 53015 | |
| 245 | |a Acords de l'Assemblea en la seva... reunió... / Mancomunitat de Catalunya | ||
| 260 | |a Barcelona : |b (Imp. de la Casa de Caritat), |c 1922 | ||
| 300 | |a v. ; |c 22 cm | ||
| 590 | |a Hi ha un duplicat a: DUP-128 | ||
| 610 | 2 | 0 | |a Catalunya. |b Mancomunitat |9 53015 |
| 651 | 0 | |a Catalunya |x Política i govern |9 53682 | |
| 651 | 0 | |a Catalunya |x Legislació |9 54416 | |
| 856 | 4 | |u https://media.diba.cat/diba/fitxers/arxiu/mancomunitat/bib_391_1922_web.pdf |y Accés lliure | |
| 866 | |a 17a reunió (agost de 1922) | ||
| 901 | |a Arxiu | ||
| 942 | |n 1 | ||
| 952 | |0 0 |1 0 |4 0 |6 M3120 |7 1 |9 46480 |a Arxiu |b Arxiu |d 2016-12-01 |l 0 |o M-3-120 |p 391 |r 2016-12-01 00:00:00 |w 2016-12-01 |y ARXIU | ||
| 999 | |c 50270 |d 50270 | ||